| 000 | 00586nam a2200181 4500 | ||
|---|---|---|---|
| 001 | 136404 | ||
| 003 | ES-MaACL | ||
| 005 | 20250627063646.0 | ||
| 007 | t| | ||
| 008 | 070214s1952 sp r ||||1| fre d | ||
| 100 | 1 |
_aRusiñol, Santiago, _d1861-1931 _9241043 |
|
| 245 | 1 | 0 |
_aMajorque _b: l'ille au Calme / _cSantiago Rusiñol ; [traduit directement du texte catalan par J. Vives]. |
| 260 |
_aBarcelona : _b[s. n.], _c1952 ( _fTip. Emporium) |
||
| 300 |
_a230 p. ; _c18 cm. |
||
| 700 | 1 |
_aVives, J. _9115570 |
|
| 852 |
_aES-MaACL _jD-8803 _bR.33305 |
||
| 999 |
_c136404 _d136404 |
||